[Event "Quebec op inv."]
[Site "Montreal CAN"]
[Date "2010.07.25"]
[Round "3"]
[White "Barbeau, Sylvain"]
[Black "Martchenko, Alexander"]
[Result "1-0"]
[WhiteElo "2337"]
[BlackElo "2138"]
[PlyCount "139"]
[EventDate "2010.07.24"]
[EventType "swiss"]
[EventRounds "9"]
[EventCountry "CAN"]

1. Nf3 Nf6 2. g3 g6 3. b4 a5 4. b5 c6 5. a4 cxb5 6. axb5 b6 7. Bg2 Bb7 8. O-O
Bg7 9. Bb2 O-O 10. c4 d5 11. Na3 Qe8 12. d3 dxc4 13. Nxc4 Nbd7 14. Qb1 Rc8 15.
Bd4 Qd8 16. Qb2 Nh5 17. Bxg7 Nxg7 18. Nd4 Bxg2 19. Kxg2 Nb8 20. Rfc1 Rc5 21.
Ne3 Rh5 22. g4 Rh4 23. Nf3 Rh6 24. Qd4 Ne6 25. Qxd8 Rxd8 26. Kg3 Kf8 27. Rc4 g5
28. Nf5 Rf6 29. Ra2 h5 30. Rac2 hxg4 31. Kxg4 Nc5 32. d4 Ne6 33. e3 Nd7 34. Rc8
Rg6 35. Kg3 Ke8 36. Kg2 f6 37. Nd2 Rg8 38. R8c6 Ng7 39. Nxg7+ Rxg7 40. Rc7 g4
41. Nc4 Rg5 42. Na3 Rd5 43. Rb7 Ra8 44. Rcc7 Kd8 45. f3 gxf3+ 46. Kxf3 Rc8 47.
Ke4 e6 48. Rc6 Rh5 49. Nc4 Rxh2 50. Nxb6 Nxb6 51. Rd6+ Ke8 52. Rxe6+ Kd8 53.
Rd6+ Ke8 54. Rdxb6 Rf2 55. Ra7 f5+ 56. Ke5 Rf3 57. Re6+ Kf8 58. Kf6 f4 59. e4
Rg3 60. b6 Rb3 61. Rxa5 f3 62. Rf5 Kg8 63. Ke5 Rb5+ 64. d5 Rb3 65. b7 Rb8 66.
Rg6+ Kh7 67. Rg3 Re8+ 68. Kf4 Kh6 69. Rxf3 Rb4 70. Re3 1-0

[Event "Quebec op inv."]
[Site "Montreal CAN"]
[Date "2010.07.25"]
[Round "3"]
[White "Calugar, Arthur"]
[Black "Hambleton, Aman"]
[Result "0-1"]
[WhiteElo "2144"]
[BlackElo "2131"]
[PlyCount "72"]
[EventDate "2010.07.24"]
[EventType "swiss"]
[EventRounds "9"]
[EventCountry "CAN"]

1. e4 e6 2. d4 d5 3. e5 c5 4. c3 Nc6 5. Nf3 Nh6 6. a3 f6 7. Bxh6 gxh6 8. exf6
Qxf6 9. Bd3 cxd4 10. cxd4 Bg7 11. Bb5 O-O 12. Bxc6 bxc6 13. Nc3 e5 14. dxe5 Qg6
15. O-O Bg4 16. Nh4 Qg5 17. f3 Bh3 18. Kh1 Qxh4 19. gxh3 Rae8 20. Qe1 Qf4 21.
e6 Qf5 22. Qf2 Rxe6 23. Qxa7 Qxh3 24. Qf2 Rg6 25. Ne2 Be5 26. f4 Bxb2 27. Rab1
Bxa3 28. f5 Bc5 29. Nf4 Qxf5 30. Qe2 Rgf6 31. Rbe1 Bd4 32. Qg2+ Qg5 33. Ne6
Qxg2+ 34. Kxg2 Rg6+ 35. Kh3 Rxf1 36. Rxf1 Rxe6 0-1

[Event "Quebec op inv."]
[Site "Montreal CAN"]
[Date "2010.07.25"]
[Round "3"]
[White "Gerzhoy, Leonid"]
[Black "Sambuev, Bator"]
[Result "1/2-1/2"]
[WhiteElo "2471"]
[BlackElo "2478"]
[PlyCount "39"]
[EventDate "2010.07.24"]
[EventType "swiss"]
[EventRounds "9"]
[EventCountry "CAN"]

1. e4 e6 2. d4 d5 3. Nd2 c5 4. exd5 exd5 5. Ngf3 Nf6 6. Bb5+ Bd7 7. Bxd7+ Nbxd7
8. O-O Be7 9. dxc5 Nxc5 10. Re1 O-O 11. Nf1 Re8 12. Be3 Bf8 13. c3 a5 14. Qc2
a4 15. Bd4 Rxe1 16. Rxe1 a3 17. bxa3 Ne6 18. Bxf6 Qxf6 19. Ne3 d4 20. cxd4
1/2-1/2

[Event "Quebec op inv."]
[Site "Montreal CAN"]
[Date "2010.07.25"]
[Round "3"]
[White "Rousseau, Daniel"]
[Black "Leveille, Francois"]
[Result "0-1"]
[WhiteElo "2093"]
[BlackElo "2284"]
[PlyCount "76"]
[EventDate "2010.07.24"]
[EventType "swiss"]
[EventRounds "9"]
[EventCountry "CAN"]

1. e4 e6 2. d4 d5 3. Nc3 Nf6 4. e5 Nfd7 5. f4 c5 6. Nf3 Nc6 7. Be3 Qb6 8. Na4
Qa5+ 9. c3 cxd4 10. b4 Nxb4 11. cxb4 Bxb4+ 12. Bd2 Bxd2+ 13. Nxd2 b6 14. Kf2
O-O 15. Nb2 Nc5 16. Nb3 Qa3 17. Nd3 Ne4+ 18. Kg1 Ba6 19. Qc1 Qe7 20. Nxd4 Rfc8
21. Qb2 Rc4 22. a3 Nc3 23. Nb3 Na4 24. Qd2 Rc3 25. Ndc1 Bc4 26. Bxc4 dxc4 27.
Nd4 Qc5 28. Qf2 Rd8 29. Nce2 Rd3 30. h3 Rd2 31. Kh2 R8xd4 32. Qf3 R4d3 33. Qa8+
Rd8 34. Qe4 Qd5 35. Ng3 Nc5 36. Qxd5 R8xd5 37. Rac1 b5 38. Rhe1 Nd3 0-1

[Event "Quebec op inv."]
[Site "Montreal CAN"]
[Date "2010.07.25"]
[Round "3"]
[White "Sapozhnikov, Roman"]
[Black "Gagunashvili, Merab"]
[Result "0-1"]
[WhiteElo "2248"]
[BlackElo "2596"]
[PlyCount "80"]
[EventDate "2010.07.24"]
[EventType "swiss"]
[EventRounds "9"]
[EventCountry "CAN"]

1. e4 d6 2. d4 Nf6 3. Nc3 g6 4. Be3 c6 5. h3 Nbd7 6. Nf3 Qc7 7. Qd2 b5 8. Bd3
Bg7 9. O-O O-O 10. Ne2 a5 11. a4 b4 12. c4 bxc3 13. bxc3 Ba6 14. Ng3 Bxd3 15.
Qxd3 Rfb8 16. Rfb1 Rxb1+ 17. Rxb1 Nb6 18. Ra1 Rb8 19. Nd2 Nfd7 20. Qa6 Ra8 21.
Qd3 d5 22. Ra2 c5 23. dxc5 Nxc5 24. Qb5 Nbxa4 25. Rxa4 Nxa4 26. Qxa4 Qxc3 27.
exd5 Qa1+ 28. Qxa1 Bxa1 29. Bc5 Rd8 30. Bxe7 Rxd5 31. Nc4 a4 32. Ne2 Rd1+ 33.
Kh2 Re1 34. Nf4 Rxe7 35. Nd5 Ra7 36. Nb4 a3 37. Na2 Rc7 38. Ne3 Bd4 39. Nd5 Rc2
40. Ndb4 Rb2 0-1

[Event "Quebec op inv."]
[Site "Montreal CAN"]
[Date "2010.07.26"]
[Round "4"]
[White "Gagunashvili, Merab"]
[Black "Gerzhoy, Leonid"]
[Result "1-0"]
[WhiteElo "2596"]
[BlackElo "2471"]
[PlyCount "119"]
[EventDate "2010.07.24"]
[EventType "swiss"]
[EventRounds "9"]
[EventCountry "CAN"]

1. d4 Nf6 2. c4 e6 3. Nf3 b6 4. g3 Ba6 5. Nbd2 Bb4 6. Qc2 Bb7 7. Bg2 Be4 8. Qb3
Bxd2+ 9. Bxd2 O-O 10. O-O d6 11. Rfd1 Nbd7 12. Rac1 Qe7 13. Be1 c5 14. Qe3 Rac8
15. b3 d5 16. cxd5 Bxd5 17. dxc5 Nxc5 18. Bb4 a5 19. Ba3 Rfd8 20. Ne5 Bxg2 21.
Kxg2 Qb7+ 22. Qf3 Qxf3+ 23. Kxf3 Rxd1 24. Rxd1 Nce4 25. Nc6 Kh8 26. Ne7 Re8 27.
Rc1 h5 28. h4 b5 29. Nc6 a4 30. bxa4 bxa4 31. Ne5 Kg8 32. Rc7 Nd2+ 33. Kg2 Nb1
34. Bd6 Nd5 35. Rb7 Nbc3 36. Nxf7 Nxa2 37. Ng5 Nc1 38. Kf1 Nb3 39. Be5 Nf6 40.
Ra7 Nc5 41. Bxf6 gxf6 42. Nh7 Ne4 43. f3 e5 44. fxe4 Re6 45. Kg2 a3 46. Nxf6+
Rxf6 47. Rxa3 Kg7 48. Rf3 Re6 49. Rf5 Kh6 50. Rg5 Re8 51. Kf2 Re7 52. Ke3 Re8
53. Kd3 Rd8+ 54. Kc3 Rc8+ 55. Kb4 Rc2 56. e3 Re2 57. Kc4 Rxe3 58. Kd5 Ra3 59.
Kxe5 Ra5+ 60. Kf4 1-0

[Event "Quebec op inv."]
[Site "Montreal CAN"]
[Date "2010.07.26"]
[Round "4"]
[White "Guichard, Pauline"]
[Black "Makka, Ioulia"]
[Result "0-1"]
[WhiteElo "2320"]
[BlackElo "2175"]
[PlyCount "152"]
[EventDate "2010.07.24"]
[EventType "swiss"]
[EventRounds "9"]
[EventCountry "CAN"]

1. d4 Nf6 2. c4 e6 3. Nc3 Bb4 4. e3 O-O 5. Bd3 d5 6. Nf3 c5 7. O-O cxd4 8. exd4
dxc4 9. Bxc4 b6 10. Bg5 Bb7 11. Qe2 Bxc3 12. bxc3 Nbd7 13. Rac1 Qc7 14. Bh4
Bxf3 15. gxf3 Nh5 16. Bb3 Ndf6 17. Bg3 Qd7 18. Qe5 Rfd8 19. Rfd1 Qc6 20. Kg2 b5
21. c4 bxc4 22. Rxc4 Qb6 23. Rdc1 h6 24. Qe3 Nd5 25. Qd2 Qb7 26. Rc5 g5 27.
Bxd5 Rxd5 28. Rxd5 Qxd5 29. Rc5 Qd7 30. Be5 Rc8 31. Qc3 Rd8 32. h4 Nf4+ 33. Kh2
Nd5 34. Qd2 f6 35. Bg3 Qe7 36. Qd3 f5 37. Be5 gxh4 38. Rc1 Kh7 39. Rg1 Rg8 40.
Rxg8 Kxg8 41. Qb3 Kf7 42. Qb8 Kg6 43. Qg8+ Kh5 44. Kh3 Nf6 45. Qh8 Nh7 46. Bf4
Qf7 47. Kh2 Kg6 48. Be5 Qf8 49. Qxf8 Nxf8 50. Kh3 Kh5 51. Bd6 Nh7 52. f4 Nf6
53. f3 Nd5 54. a3 Ne3 55. Be5 Nc4 56. a4 Nd2 57. Kg2 h3+ 58. Kxh3 Nxf3 59. Kg3
Nd2 60. Kh3 Ne4 61. a5 a6 62. Bc7 Nd2 63. Kg3 Ne4+ 64. Kh3 Nf2+ 65. Kg3 Ng4 66.
Kh3 Kg6 67. Kh4 Kf7 68. Kh5 Ke7 69. Kg6 Kd7 70. Bb6 Kd6 71. Kg7 h5 72. Bd8 Kd5
73. Kf7 Ne3 74. Bh4 Ng2 75. Bg3 h4 76. Bh2 Ne1 0-1

[Event "Quebec op inv."]
[Site "Montreal CAN"]
[Date "2010.07.26"]
[Round "4"]
[White "Hambleton, Aman"]
[Black "Modwal, Sankalp"]
[Result "1-0"]
[WhiteElo "2131"]
[BlackElo "2177"]
[PlyCount "67"]
[EventDate "2010.07.24"]
[EventType "swiss"]
[EventRounds "9"]
[EventCountry "CAN"]

1. d4 Nf6 2. c4 e5 3. dxe5 Ng4 4. Bf4 g5 5. Bg3 Bg7 6. Nf3 Nc6 7. e3 Ngxe5 8.
Nxe5 Nxe5 9. Nc3 d6 10. Be2 Be6 11. Rc1 Qd7 12. Nb5 g4 13. c5 d5 14. c6 bxc6
15. Nd4 O-O 16. b3 h5 17. O-O Ng6 18. Rxc6 h4 19. Rxc7 Qd8 20. Nc6 Qf6 21. Bd6
Rfe8 22. Nd4 Bc8 23. Bc5 Qe5 24. Rxa7 Rxa7 25. Bxa7 h3 26. Bxg4 Qg5 27. gxh3 f5
28. Nxf5 Bxf5 29. Qxd5+ Kh7 30. Qxf5 Qxf5 31. Bxf5 Ra8 32. Bd4 Bxd4 33. exd4
Rxa2 34. Rd1 1-0

[Event "Quebec op inv."]
[Site "Montreal CAN"]
[Date "2010.07.26"]
[Round "4"]
[White "Martchenko, Alexander"]
[Black "Jiang, Louie"]
[Result "0-1"]
[WhiteElo "2138"]
[BlackElo "2312"]
[PlyCount "78"]
[EventDate "2010.07.24"]
[EventType "swiss"]
[EventRounds "9"]
[EventCountry "CAN"]

1. e4 c5 2. Nf3 e6 3. c3 b6 4. d4 Bb7 5. Bd3 Nf6 6. Qe2 d6 7. O-O Be7 8. a3
Nbd7 9. Nbd2 O-O 10. Re1 Re8 11. h3 Nf8 12. e5 dxe5 13. dxe5 N6d7 14. Ne4 Ng6
15. Nd6 Bxf3 16. gxf3 Ndxe5 17. Bxg6 Bxd6 18. Be4 Rb8 19. Bf4 Ng6 20. Bxg6 Bxf4
21. Bxh7+ Kh8 22. Be4 g6 23. Kh1 Kg7 24. Rad1 Qh4 25. Qf1 Rh8 26. Rd7 Rh5 27.
Bc2 Qf6 28. Bb3 c4 29. Qxc4 Rxh3+ 30. Kg2 Rh2+ 31. Kf1 Qh4 32. Qd4+ e5 33. Rxe5
Bxe5 34. Rxf7+ Kh6 35. Qe3+ g5 36. Bc2 Rh1+ 37. Ke2 Qc4+ 38. Kd2 Qxf7 39. Qxe5
Rd8+ 0-1

[Event "Quebec op inv."]
[Site "Montreal CAN"]
[Date "2010.07.27"]
[Round "5"]
[White "Calugar, Arthur"]
[Black "Martchenko, Alexander"]
[Result "1/2-1/2"]
[WhiteElo "2144"]
[BlackElo "2138"]
[PlyCount "112"]
[EventDate "2010.07.24"]
[EventType "swiss"]
[EventRounds "9"]
[EventCountry "CAN"]

1. b3 e5 2. Bb2 Nc6 3. e3 Nf6 4. Bb5 Bd6 5. Na3 e4 6. d3 exd3 7. Bxd3 Ne5 8.
Nf3 Nxd3+ 9. Qxd3 Be7 10. Nd4 d6 11. O-O-O a5 12. Nf5 Bxf5 13. Qxf5 Qd7 14.
Qxd7+ Kxd7 15. Nc4 a4 16. Rhe1 axb3 17. axb3 Kc6 18. e4 Ng4 19. f3 b5 20. Na3
Bg5+ 21. Kb1 Ne3 22. Rd3 b4 23. Nc4 Nxc4 24. bxc4 f6 25. g3 Ra5 26. Red1 Re8
27. Rd5 Rc5 28. f4 Bh6 29. R1d4 g5 30. Bc1 gxf4 31. gxf4 Rxd5 32. Rxd5 Rxe4 33.
Rh5 Bf8 34. Rxh7 Rxc4 35. Rf7 Bh6 36. Rxf6 Bg7 37. Rf7 Bc3 38. Bb2 Kd5 39. h4
c5 40. h5 Bxb2 41. Kxb2 Rc3 42. h6 Rh3 43. h7 Ke6 44. Rc7 Kf5 45. Rf7+ Ke4 46.
f5 Ke5 47. Rd7 Kxf5 48. Rxd6 Ke5 49. Rd7 Ke6 50. Rg7 Kd5 51. Rc7 Kc4 52. Kc1
Rh1+ 53. Kb2 Rh3 54. Kc1 b3 55. cxb3+ Kxb3 56. Rxc5 Rxh7 1/2-1/2

[Event "Quebec op inv."]
[Site "Montreal CAN"]
[Date "2010.07.27"]
[Round "5"]
[White "Jiang, Louie"]
[Black "Qin, Zi Yi (Joey)"]
[Result "1-0"]
[WhiteElo "2312"]
[BlackElo "2177"]
[PlyCount "89"]
[EventDate "2010.07.24"]
[EventType "swiss"]
[EventRounds "9"]
[EventCountry "CAN"]

1. e4 c5 2. Nf3 d6 3. d4 cxd4 4. Nxd4 Nf6 5. Nc3 a6 6. Qf3 e6 7. b3 Qb6 8. Nde2
Nc6 9. Bb2 Be7 10. h3 Bd7 11. g4 Qa5 12. O-O-O h5 13. gxh5 O-O-O 14. Rg1 Qxh5
15. Qe3 Rhg8 16. f4 Qa5 17. a3 Kb8 18. Kb1 Bc8 19. b4 Qc7 20. Bg2 Nd7 21. Nc1
g5 22. fxg5 Bxg5 23. Qe2 Nde5 24. Nb3 Ng6 25. Bf1 Nge5 26. Qf2 Ne7 27. Be2 f5
28. h4 Bf6 29. h5 Rxg1 30. Rxg1 Nc4 31. Bxc4 Qxc4 32. Nb5 Qxb5 33. Bxf6 Re8 34.
h6 Ng8 35. Rxg8 Rxg8 36. h7 Rf8 37. Bg7 Re8 38. exf5 Qd5 39. Qh2 exf5 40. h8=Q
Qd1+ 41. Kb2 Re1 42. Qd2 Qb1+ 43. Kc3 Re7 44. Qxd6+ Rc7+ 45. Qxc7+ 1-0

[Event "Quebec op inv."]
[Site "Montreal CAN"]
[Date "2010.07.27"]
[Round "5"]
[White "Makka, Ioulia"]
[Black "Gerzhoy, Leonid"]
[Result "0-1"]
[WhiteElo "2175"]
[BlackElo "2471"]
[PlyCount "58"]
[EventDate "2010.07.24"]
[EventType "swiss"]
[EventRounds "9"]
[EventCountry "CAN"]

1. e4 c6 2. d4 d5 3. Nc3 dxe4 4. Nxe4 Bf5 5. Ng3 Bg6 6. N1e2 Nf6 7. Nf4 e5 8.
Nxg6 hxg6 9. dxe5 Qxd1+ 10. Kxd1 Ng4 11. Ne4 Nxe5 12. Be2 Na6 13. Bxa6 bxa6 14.
Bf4 O-O-O+ 15. Kc1 Nc4 16. Ng5 Rd7 17. c3 Bc5 18. Ne4 Bb6 19. b3 Re8 20. f3 f5
21. Ng3 Be3+ 22. Bxe3 Nxe3 23. Kb2 Rd2+ 24. Kc1 Rc2+ 25. Kb1 Rd8 26. Re1 Rxg2
27. Ne2 Rd2 28. Nd4 c5 29. Ne6 Rb2+ 0-1

[Event "Quebec op inv."]
[Site "Montreal CAN"]
[Date "2010.07.27"]
[Round "5"]
[White "Sambuev, Bator"]
[Black "Malaniuk, Vladimir"]
[Result "1-0"]
[WhiteElo "2478"]
[BlackElo "2544"]
[PlyCount "73"]
[EventDate "2010.07.24"]
[EventType "swiss"]
[EventRounds "9"]
[EventCountry "CAN"]

1. d4 f5 2. c3 d6 3. Nf3 Nf6 4. Bg5 e6 5. Nbd2 Be7 6. Bxf6 Bxf6 7. e4 Nc6 8.
Qb3 a6 9. Bd3 d5 10. e5 Be7 11. h3 b6 12. g4 g6 13. Qc2 Bb7 14. b4 Qd7 15. a4
Nd8 16. Rb1 Nf7 17. Ke2 c5 18. bxc5 bxc5 19. Qa2 Bc6 20. gxf5 gxf5 21. Rhg1 c4
22. Bc2 Qc7 23. Nf1 h5 24. Rg6 Rh6 25. Rg8+ Kd7 26. Rg7 Ke8 27. Ne3 Bf8 28. Rg8
Nd8 29. Ng5 Nf7 30. h4 Nxg5 31. hxg5 Rh7 32. Rg6 Qd7 33. Rb6 Rc8 34. Rxe6+ Qxe6
35. Bxf5 Qe7 36. Bxc8 Qc7 37. Qb1 1-0

[Event "Quebec op inv."]
[Site "Montreal CAN"]
[Date "2010.07.28"]
[Round "6"]
[White "Gagunashvili, Merab"]
[Black "Lenderman, Alex"]
[Result "1/2-1/2"]
[WhiteElo "2596"]
[BlackElo "2553"]
[PlyCount "108"]
[EventDate "2010.07.24"]
[EventType "swiss"]
[EventRounds "9"]
[EventCountry "CAN"]

1. d4 Nf6 2. c4 e6 3. Nf3 Bb4+ 4. Bd2 Qe7 5. Nc3 O-O 6. g3 Bxc3 7. Bxc3 Ne4 8.
Rc1 d6 9. Bg2 e5 10. O-O Nxc3 11. Rxc3 Nc6 12. d5 Nb8 13. b4 a5 14. a3 Na6 15.
Qb1 Bd7 16. c5 axb4 17. axb4 dxc5 18. bxc5 e4 19. Nd2 Nxc5 20. Nxe4 Bf5 21. Qb4
Bxe4 22. Qxc5 Qxc5 23. Rxc5 Bxg2 24. Kxg2 c6 25. dxc6 bxc6 26. Rxc6 Rfc8 27.
Rxc8+ Rxc8 28. g4 Re8 29. Kf3 Re5 30. h4 f6 31. Rg1 Kf7 32. e3 Ra5 33. Kf4 g6
34. f3 h6 35. Rb1 h5 36. Rb7+ Kg8 37. gxh5 Rxh5 38. Kg4 Ra5 39. e4 f5+ 40. Kf4
fxe4 41. fxe4 Rh5 42. e5 Kf8 43. Ra7 Rxh4+ 44. Kg5 Rh5+ 45. Kf6 Rf5+ 46. Ke6
Rf1 47. Ra8+ Kg7 48. Ke7 g5 49. e6 Kg6 50. Ra5 Re1 51. Kd7 Kf6 52. Rxg5 Rd1+
53. Kc7 Kxg5 54. e7 Re1 1/2-1/2

[Event "Quebec op inv."]
[Site "Montreal CAN"]
[Date "2010.07.28"]
[Round "6"]
[White "Gerzhoy, Leonid"]
[Black "Barbeau, Sylvain"]
[Result "1-0"]
[WhiteElo "2471"]
[BlackElo "2337"]
[PlyCount "115"]
[EventDate "2010.07.24"]
[EventType "swiss"]
[EventRounds "9"]
[EventCountry "CAN"]

1. e4 e5 2. Nf3 Nc6 3. Bb5 a6 4. Ba4 d6 5. c3 Nf6 6. d4 b5 7. Bb3 Bg4 8. O-O
Be7 9. Be3 O-O 10. Nbd2 d5 11. Qc1 Nxe4 12. Nxe5 Nxe5 13. dxe5 Nc5 14. Bc2 Be2
15. Re1 Nd3 16. Bxd3 Bxd3 17. Nb3 Re8 18. Bc5 Bg5 19. f4 Bh6 20. Be3 f6 21. Qd2
Be4 22. exf6 Qxf6 23. Nc5 Rad8 24. Qf2 Rd6 25. g4 g5 26. f5 Bf8 27. Bd4 Qh6 28.
Nxe4 dxe4 29. Qg2 Rdd8 30. Rxe4 Rxe4 31. Qxe4 c5 32. Bf2 Bd6 33. Qg2 Qg7 34.
Re1 Qc7 35. h4 Bf4 36. hxg5 Bxg5 37. Bg3 Qd7 38. Qe4 Qd3 39. Qe6+ Kf8 40. Bf2
Qd5 41. Qb6 Qf3 42. Qxc5+ Kg8 43. Qb4 Bf4 44. Qe4 Qxg4+ 45. Qg2 Qxg2+ 46. Kxg2
Rd2 47. Kf3 Rxb2 48. Bd4 Bg5 49. f6 Bxf6 50. Bxf6 Kf7 51. Bd4 Rxa2 52. Ke4 Ra4
53. Rh1 b4 54. Rxh7+ Kg8 55. Rg7+ Kf8 56. c4 a5 57. Rb7 Ra2 58. Kd5 1-0

[Event "Quebec op inv."]
[Site "Montreal CAN"]
[Date "2010.07.28"]
[Round "6"]
[White "Ghannoum, Marc"]
[Black "Calugar, Arthur"]
[Result "0-1"]
[WhiteElo "2230"]
[BlackElo "2144"]
[PlyCount "52"]
[EventDate "2010.07.24"]
[EventType "swiss"]
[EventRounds "9"]
[EventCountry "CAN"]

1. e4 c5 2. Nc3 Nc6 3. f4 g6 4. Nf3 Bg7 5. a3 e6 6. b4 b6 7. bxc5 bxc5 8. e5 f6
9. Ne4 fxe5 10. Bb2 d5 11. Nxc5 Qe7 12. Nd3 exf4 13. Bxg7 Qxg7 14. Nxf4 Nge7
15. Bb5 O-O 16. Ne2 e5 17. O-O e4 18. Ng5 Bg4 19. h3 Rxf1+ 20. Qxf1 Bxe2 21.
Bxe2 Rf8 22. Qe1 Qd4+ 23. Kh1 Qe5 24. h4 Nf5 25. d4 Ng3+ 26. Kg1 Nxe2+ 0-1

[Event "Quebec op inv."]
[Site "Montreal CAN"]
[Date "2010.07.28"]
[Round "6"]
[White "Guichard, Pauline"]
[Black "Rousseau, Daniel"]
[Result "1-0"]
[WhiteElo "2320"]
[BlackElo "2093"]
[PlyCount "34"]
[EventDate "2010.07.24"]
[EventType "swiss"]
[EventRounds "9"]
[EventCountry "CAN"]

1. d4 Nf6 2. c4 g6 3. Nc3 Bg7 4. e4 d6 5. Be2 O-O 6. Nf3 e5 7. O-O Nc6 8. d5
Ne7 9. Ne1 Nd7 10. Be3 f5 11. f3 f4 12. Bf2 g5 13. Rc1 Rf7 14. Nd3 Ng6 15. c5
Nf6 16. cxd6 cxd6 17. Nb5 g4 1-0

[Event "Quebec op inv."]
[Site "Montreal CAN"]
[Date "2010.07.28"]
[Round "6"]
[White "Malaniuk, Vladimir"]
[Black "Cornette, Matthieu"]
[Result "1/2-1/2"]
[WhiteElo "2544"]
[BlackElo "2544"]
[PlyCount "26"]
[EventDate "2010.07.24"]
[EventType "swiss"]
[EventRounds "9"]
[EventCountry "CAN"]

1. d4 Nf6 2. Nf3 d5 3. c4 e6 4. Nc3 Bb4 5. cxd5 exd5 6. Qa4+ Nc6 7. Bg5 h6 8.
Bxf6 Qxf6 9. e3 O-O 10. Be2 Rd8 11. O-O a6 12. Rfc1 Be6 13. Qd1 Bd6 1/2-1/2

[Event "Quebec op inv."]
[Site "Montreal CAN"]
[Date "2010.07.28"]
[Round "6"]
[White "Martchenko, Alexander"]
[Black "Modwal, Sankalp"]
[Result "1-0"]
[WhiteElo "2138"]
[BlackElo "2177"]
[PlyCount "159"]
[EventDate "2010.07.24"]
[EventType "swiss"]
[EventRounds "9"]
[EventCountry "CAN"]

1. e4 c5 2. Nf3 d6 3. d4 cxd4 4. Nxd4 Nf6 5. Nc3 Nc6 6. Bg5 e6 7. Qd2 a6 8.
O-O-O Bd7 9. f3 Be7 10. h4 h6 11. Be3 h5 12. Bg5 b5 13. Nxc6 Bxc6 14. Ne2 Qb6
15. Nd4 Bb7 16. Kb1 Rc8 17. Bd3 Bd8 18. Be3 Qa5 19. Qf2 b4 20. Qg3 O-O 21. Qxd6
Bc7 22. Nb3 Qa4 23. Nc5 Qe8 24. Qd4 Bb6 25. Qxb4 Qc6 26. Nxb7 Bxe3 27. Na5 Qc7
28. Nb3 Ra8 29. Qc4 Qe5 30. Qa4 Rfc8 31. Qa5 Qg3 32. Rhe1 Bf4 33. Rh1 Qxg2 34.
Rdf1 e5 35. Qe1 a5 36. a4 Nd7 37. Qe2 Qg6 38. Bc4 Nc5 39. Nxc5 Rxc5 40. Bb3 Rd8
41. Rhg1 Qf6 42. Qf2 Rc7 43. Rd1 Rcd7 44. Rxd7 Rxd7 45. Bd5 Rc7 46. Qg2 Bh6 47.
Qg6 Qxg6 48. Rxg6 Bd2 49. c3 Kh7 50. Rg2 Be1 51. Rh2 Kh6 52. Kc2 g5 53. hxg5+
Kxg5 54. Kd3 h4 55. Rh1 Bg3 56. b4 Kf4 57. Rf1 h3 58. b5 h2 59. b6 Rc8 60. b7
Rb8 61. Ke2 Bh4 62. c4 Kg3 63. c5 Kg2 64. c6 Bd8 65. f4 f6 66. fxe5 fxe5 67.
Be6 h1=Q 68. Rxh1 Kxh1 69. Kf3 Bc7 70. Bc8 Kg1 71. Kg4 Kf2 72. Kf5 Ke3 73. Ke6
Kxe4 74. Kd7 Bb6 75. c7 Bxc7 76. Kxc7 Rxb7+ 77. Bxb7+ Kd4 78. Kb6 e4 79. Kxa5
e3 80. Bf3 1-0

[Event "Quebec op inv."]
[Site "Montreal CAN"]
[Date "2010.07.28"]
[Round "6"]
[White "Qin, Zi Yi (Joey)"]
[Black "Sapozhnikov, Roman"]
[Result "0-1"]
[WhiteElo "2177"]
[BlackElo "2248"]
[PlyCount "117"]
[EventDate "2010.07.24"]
[EventType "swiss"]
[EventRounds "9"]
[EventCountry "CAN"]

1. e4 c5 2. Nf3 Nc6 3. d4 cxd4 4. Nxd4 Nf6 5. Nc3 d6 6. Bc4 Qb6 7. Nb3 e6 8.
Bf4 Ne5 9. Be2 Bd7 10. Be3 Qc7 11. Nb5 Bxb5 12. Bxb5+ Nc6 13. Bd3 d5 14. exd5
Nxd5 15. O-O Nxe3 16. fxe3 O-O-O 17. Qh5 g6 18. Qe2 Bd6 19. h3 h5 20. Be4 Ne5
21. Nd4 Bc5 22. c3 a6 23. a4 Ba7 24. a5 f5 25. Nxe6 Qc4 26. Qxc4+ Nxc4 27. Nxd8
Rxd8 28. Bf3 Nxe3 29. Kh2 Bb8+ 30. Kg1 Nxf1 31. Kxf1 Rd2 32. b3 Bg3 33. Rd1
Rf2+ 34. Kg1 Rc2 35. Rd3 Rc1+ 36. Bd1 Be1 37. c4 Bxa5 38. Kf2 Rb1 39. Kf3 Rb2
40. g4 fxg4+ 41. hxg4 h4 42. Kf4 Bd2+ 43. Ke5 g5 44. c5 Bf4+ 45. Ke6 Rb1 46.
Bf3 Re1+ 47. Kd5 h3 48. Be4 Be3 49. c6 Kc7 50. cxb7 Kxb7 51. Rc3 h2 52. Rd3 Kb6
53. Bg2 Kb5 54. Be4 Kb4 55. Bg2 Rg1 56. Be4 Bf4 57. Rh3 Rxg4 58. Bf3 Rg1 59.
Be4 0-1

[Event "Quebec op inv."]
[Site "Montreal CAN"]
[Date "2010.07.29"]
[Round "7"]
[White "Barbeau, Sylvain"]
[Black "Hambleton, Aman"]
[Result "1-0"]
[WhiteElo "2337"]
[BlackElo "2131"]
[PlyCount "95"]
[EventDate "2010.07.24"]
[EventType "swiss"]
[EventRounds "9"]
[EventCountry "CAN"]

1. Nf3 Nf6 2. g3 c5 3. Bg2 e6 4. c4 Qc7 5. O-O a6 6. Nc3 d6 7. b3 b6 8. e4 Bb7
9. d3 Be7 10. Ne1 Nc6 11. Nc2 O-O 12. f4 Nd7 13. Bb2 b5 14. Qd2 Bf6 15. Kh1 b4
16. Nd1 Bxb2 17. Nxb2 a5 18. d4 cxd4 19. Nxd4 Nxd4 20. Qxd4 e5 21. Qd2 Nc5 22.
Rae1 Rfd8 23. f5 f6 24. Re3 Bc6 25. Nd3 Qb7 26. Rfe1 Rab8 27. g4 a4 28. Nf2
axb3 29. axb3 Ra8 30. h4 Ra3 31. Qd1 Rxb3 32. Rxb3 Ba4 33. Ree3 Ra8 34. Rxb4
Bxd1 35. Rxb7 Nxb7 36. Nxd1 Ra1 37. Bf3 Nc5 38. Kg2 Kf8 39. Nc3 h6 40. Nb5 Ra2+
41. Kg3 Rd2 42. Ra3 Nd3 43. Nxd6 Ke7 44. Nb5 Kd7 45. Ra7+ Kc6 46. Rc7+ Kb6 47.
Rd7 Kc5 48. Na3 1-0

[Event "Quebec op inv."]
[Site "Montreal CAN"]
[Date "2010.07.29"]
[Round "7"]
[White "Gagunashvili, Merab"]
[Black "Sambuev, Bator"]
[Result "1/2-1/2"]
[WhiteElo "2596"]
[BlackElo "2478"]
[PlyCount "67"]
[EventDate "2010.07.24"]
[EventType "swiss"]
[EventRounds "9"]
[EventCountry "CAN"]

1. d4 d5 2. c4 c6 3. Nf3 e6 4. Qc2 dxc4 5. Qxc4 Nf6 6. Bg5 b5 7. Qc2 Bb7 8. e3
Nbd7 9. Bd3 Rc8 10. Qe2 a6 11. a4 Qa5+ 12. Nbd2 c5 13. Bxf6 Nxf6 14. dxc5 Bxc5
15. O-O bxa4 16. Qd1 O-O 17. Rxa4 Qb6 18. Nc4 Qc7 19. Na5 Ba8 20. Qe2 Rb8 21.
Rc1 Qd7 22. Raa1 Qd5 23. Bxa6 Qh5 24. Nc4 Ne4 25. Ra5 Rfd8 26. Nce5 Bb6 27. Rb5
Ng5 28. Rb3 Bxf3 29. Nxf3 Bc7 30. Rxb8 Nxf3+ 31. Qxf3 Qxh2+ 32. Kf1 Bxb8 33. g3
Qh3+ 34. Kg1 1/2-1/2

[Event "Quebec op inv."]
[Site "Montreal CAN"]
[Date "2010.07.29"]
[Round "7"]
[White "Lenderman, Alex"]
[Black "Malaniuk, Vladimir"]
[Result "0-1"]
[WhiteElo "2553"]
[BlackElo "2544"]
[PlyCount "80"]
[EventDate "2010.07.24"]
[EventType "swiss"]
[EventRounds "9"]
[EventCountry "CAN"]

1. d4 f5 2. c4 Nf6 3. Nc3 d6 4. Bg5 Nbd7 5. Qc2 g6 6. O-O-O c6 7. Nh3 h6 8.
Bxf6 Nxf6 9. Nf4 g5 10. Ng6 Rg8 11. Nxf8 Rxf8 12. h4 Qa5 13. hxg5 hxg5 14. Qd2
Be6 15. d5 cxd5 16. cxd5 Bf7 17. g3 Rc8 18. Bg2 b5 19. a3 Ng4 20. Qd4 Rc4 21.
Qg7 Ne5 22. Kb1 Rxc3 23. bxc3 Qxa3 24. Rd2 Rg8 25. Qh7 Nc4 26. Rc2 Qb3+ 27. Kc1
Qa4 28. Kd1 Na3 29. Qxf5 Bg6 30. Qc8+ Kf7 31. Qe6+ Kf8 32. f4 Qxc2+ 33. Ke1
gxf4 34. gxf4 Qxc3+ 35. Kf2 Qd4+ 36. Kf3 Nc4 37. Qc8+ Kg7 38. Qe6 Qf6 39. Qh3
Qc3+ 40. Kf2 Qxh3 0-1